| 000 | 00429nam a22001577a 4500 | ||
|---|---|---|---|
| 003 | CEME | ||
| 005 | 20210628205137.0 | ||
| 008 | 210226b xxu||||| |||| 00| 0 eng d | ||
| 040 | _c. | ||
| 082 | _a621.3815 MIC'R | ||
| 245 | _aMicroelectronics digital analog communication handbook | ||
| 260 |
_aCANADA _bMITAL CORPORATION _c1993 |
||
| 300 | _aV.P | ||
| 650 |
_aMICROELECTRONIC DATABOOK ACC NO-30774 _974145 |
||
| 942 |
_cBK _2ddc |
||
| 999 |
_c579712 _d579712 |
||